Normal view
MARC view
- البنوك الاسلامية- مصر- الودائع المصرفية- تأمين
Entry Topical Term
001 - CONTROL NUMBER
- control field: 44964
003 - CONTROL NUMBER IDENTIFIER
- control field: JO-AjAnu
005 - DATE AND TIME OF LATEST TRANSACTION
- control field: 20230606081436.0
008 - FIXED-LENGTH DATA ELEMENTS
- fixed length control field: 230606|| aca||aabn | a|a d
040 ## - CATALOGING SOURCE
- Original cataloging agency: JO-AjAnu
- Transcribing agency: JO-AjAnu
150 ## - HEADING--TOPICAL TERM
- Topical term or geographic name entry element: البنوك الاسلامية- مصر- الودائع المصرفية- تأمين
670 ## - SOURCE DATA FOUND
- Source citation: Work cat.: (JO-AjAnu)23024: فهمي، حسين كامل, author 44963, حول قضيتي التأمين والضمان لودائع البنوك الإسلامية